000 00631nam a2200241Ia 4500
003 OSt
005 20221005043250.0
006 a|||||r|||| 00| 0
007 ta
008 221004b |||||||| |||| 00| 0 eng d
024 _a30469
037 _cTextual
040 _aCRL
_cCRL
_beng
041 _2eng
_aeng
082 _aM194, L8
100 _aO'Connor Maeve Ed
_994238
245 0 _aEditing scientific books and journals
260 _aEngland
_bPitmon Medical
_c1978
300 _a218p
_ccm.
650 _aINDUSTRIAL ARTS
942 _hM194, L8
_cTEXL
_2cc
999 _c951566
_d951566